Central Library OPAC University of Rajshahi

Human rights and the ethics of globalization / (Record no. 82448)

MARC details
000 -LEADER
fixed length control field 01886nam a2200301 a 4500
001 - CONTROL NUMBER
control field 82448
003 - CONTROL NUMBER IDENTIFIER
rucl marc code BD-RjUL
005 - DATE AND TIME OF LATEST TRANSACTION
control field 20260401133537.0
008 - FIXED-LENGTH DATA ELEMENTS--GENERAL INFORMATION
fixed length control field 231212s2010 nyu b 001 0 eng
020 ## - INTERNATIONAL STANDARD BOOK NUMBER
International Standard Book Number 9780521519335 (hardback)
International Standard Book Number 0521519330 (hardback)
International Standard Book Number 9780521147996 (pbk.)
International Standard Book Number 0521147999 (pbk.)
035 ## - SYSTEM CONTROL NUMBER
System control number (BD-RjUL)82448
040 ## - CATALOGING SOURCE
Transcribing agency BD-RjUL
Original cataloging agency BD-RjUL
Language of cataloging eng
041 ## - LANGUAGE CODE
Language code of text/sound track or separate title eng
082 00 - DEWEY DECIMAL CLASSIFICATION NUMBER
Classification number 323
Edition number 22
Author mark and year LEH 2010
100 1# - MAIN ENTRY--PERSONAL NAME
Personal name Lee, Daniel E.
9 (RLIN) 10475
245 10 - TITLE STATEMENT
Title Human rights and the ethics of globalization /
Statement of responsibility, etc. Daniel E. Lee, Elizabeth J. Lee.
260 ## - PUBLICATION, DISTRIBUTION, ETC. (IMPRINT)
Place of publication, distribution, etc. New York :
Name of publisher, distributor, etc. Cambridge University Press,
Date of publication, distribution, etc. 2010.
300 ## - PHYSICAL DESCRIPTION
Pagination xvi, 264 p. ;
Size 23 cm.
504 ## - BIBLIOGRAPHY, ETC. NOTE
Bibliography, etc Includes bibliographical references (p. 253-257) and index.
520 ## - SUMMARY, ETC.
Summary, etc. "Human Rights and the Ethics of Globalization provides a balanced, thoughtful discussion of the globalization of the economy and the ethical considerations inherent in the many changes it has prompted. The book's introduction maps out the philosophical foundations for constructing an ethic of globalization, taking into account both traditional and contemporary sources. These ideals are applied to four specific test cases: the ethics of investing in China, the case study of the Firestone company's presence in Liberia, free-trade and fair-trade issues pertaining to the coffee trade with Ethiopia, and the use low-wage factories in Mexico to serve the U.S. market. The book concludes with a comprehensive discussion of how to enforce global compliance with basic human rights standards, with particular attention to stopping abuses by multinational corporations through litigation under the Alien Tort Claims Act"--Provided by publisher.
650 #0 - SUBJECT ADDED ENTRY--TOPICAL TERM
Topical term or geographic name as entry element Human rights.
Topical term or geographic name as entry element Globalization
General subdivision Moral and ethical aspects.
9 (RLIN) 10476
700 1# - ADDED ENTRY--PERSONAL NAME
Personal name Lee, Elizabeth J.,
Dates associated with a name 1982-
942 ## - ADDED ENTRY ELEMENTS (KOHA)
Source of classification or shelving scheme Dewey Decimal Classification
Koha item type Books
Holdings
Lost status Source of classification or shelving scheme Damaged status Not for loan Collection code Permanent Location Current Location Shelving location Date acquired Source of acquisition Cost, normal purchase price Total Checkouts Full call number Date last seen Copy number Koha item type
  Dewey Decimal Classification   Not For Loan Non-fiction Central Library, University of Rajshahi Central Library, University of Rajshahi Reading Room 12/12/2023 Dhaka: Omni Concept 6950.00   323 LEH 2010 12/12/2023 C-1 Books
  Dewey Decimal Classification     Non-fiction Central Library, University of Rajshahi Central Library, University of Rajshahi General Stacks 12/12/2023 Dhaka: Omni Concept 6950.00   323 LEH 2010 12/12/2023 C-2 Books
  Dewey Decimal Classification     Non-fiction Central Library, University of Rajshahi Central Library, University of Rajshahi General Stacks 12/12/2023 Dhaka: Omni Concept 6950.00   323 LEH 2010 12/12/2023 C-3 Books
  Dewey Decimal Classification     Non-fiction Central Library, University of Rajshahi Central Library, University of Rajshahi General Stacks 30/03/2026 International Book Distributor, Dhaka 4200.00   323 LEH 2010 01/04/2026 C-4 Books